| 000 | 01444cam a22002651i 4500 | ||
|---|---|---|---|
| 003 | SA-RiAUC | ||
| 005 | 20260215141017.0 | ||
| 008 | 260201q19001999su g f00000 ara c | ||
| 040 |
_aSA-MaUQU _bara _cSA-RiAUC _erda |
||
| 082 | 0 | 4 |
_a252.58 _qSA-RiAUC |
| 090 |
_aم ن 252.58 _bا ب ن ح |
||
| 100 | 1 |
_aابن حميد، عبد الله بن محمد بن عبد العزيز، _d1329-1402 هجري _eمؤلف. |
|
| 245 | 1 | 0 |
_aإيضاح ما توهمه صاحب اليسر في يسره من تجويزه ذبح الهدي قبل وقت نحره / _cعبد الله بن محمد بن حميد الحرام. |
| 250 | _aالطبعة الأولى. | ||
| 264 | 1 |
_aمكة المكرمة : _bالرئاسة العامة للإشراف الديني بالمسجد الحرام، _c[بين 1900 و1999] |
|
| 300 |
_a112 صفحة ؛ _c29 سم. |
||
| 336 |
_aنص _btxt _2rdacontent _3كتاب |
||
| 337 |
_aبدون وسيط _bn _2rdamedia |
||
| 338 |
_aمجلد _bnc _2rdacarrier |
||
| 490 | 0 |
_aإصدارات مركز شؤون الدعوة / الجامعة الإسلامية (المدينة المنورة) ؛ _v3 |
|
| 500 | _aوهو رد على رسالة القول اليسر في جواز ذبح هدي التمتع قبل يوم النحر / تأليف عبد الله بن سليمان بن منيع. | ||
| 650 | 7 |
_aالهدي (فقه إسلامي) _2aucsh |
|
| 942 |
_2ddc _cRBOOK COPY _n0 |
||
| 949 |
_aSA-JeALM _d260201 _umohamedma123 _n1 |
||
| 999 |
_c14345 _d14345 |
||